All Blacks Rugby - Rugby World Cup Venues - Statistics

General Stats
  • This quiz has been taken 34 times
  • The average score is 17 of 27
Answer Stats
Year Opponent Stage Answer % Correct
1987 Italy Pool Auckland
96%
1991 Scotland 3rd/4th Playoff Cardiff
93%
1987 Fiji Pool Christchurch
93%
1987 Argentina Pool Wellington
93%
1995 Ireland Pool Johannesburg
89%
1991 England Pool London
89%
2003 Wales Pool Sydney
89%
1987 Wales Semi Final Brisbane
85%
2003 Italy Pool Melbourne
85%
2019 Namibia Pool Tokyo
85%
2011 Japan Pool Hamilton
78%
1991 Australia Semi Final Dublin
74%
1999 Scotland Quarter Final Edinburgh
74%
1995 England Semi Final Cape Town
63%
1995 Scotland Quarter Final Pretoria
63%
1995 Japan Pool Bloemfontein
56%
2015 Tonga Pool Newcastle Upon Tyne
56%
2019 South Africa Pool Yokohama
56%
1999 Tonga Pool Bristol
48%
2007 Italy Pool Marseille
48%
2007 Romania Pool Toulouse
48%
2007 Portugal Pool Lyon
44%
1991 Italy Pool Leicester
37%
1991 Canada Quarter Final Lille
26%
1991 USA Pool Gloucester
22%
1999 Italy Pool Huddersfield
15%
2019 Canada Pool Oita
15%
No matching quizzes found
Score Distribution
Percent of People with Each Score
Percentile by Number Answered
Your Score History
You have not taken this quiz